Оценка возможностей геохимии резервуара для уточнения геологического строения залежей нефти Ванкорского месторождения; Проблемы геологии и освоения недр; Т. 1
| Parent link: | Проблемы геологии и освоения недр: труды XVIII Международного симпозиума имени академика М. А. Усова студентов и молодых ученых, Томск, 7-11 апреля 2014 г./ Национальный исследовательский Томский политехнический университет (ТПУ), Институт природных ресурсов (ИПР) ; Общество инженеров-нефтяников, международная некоммерческая организация, Студенческий чаптер ; под ред. А. Ю. Дмитриева.— , 2014 Т. 1.— [С. 374-376] |
|---|---|
| Autor Principal: | |
| Autor Corporativo: | |
| Outros autores: | |
| Summary: | Заглавие с экрана |
| Idioma: | ruso |
| Publicado: |
|
| Series: | Геология нефти и газа. Современные методы поисков и разведки углеводородного сырья |
| Subjects: | |
| Acceso en liña: | http://earchive.tpu.ru/handle/11683/65869 http://www.lib.tpu.ru/fulltext/c/2014/C11/V1/175.pdf |
| Formato: | Electrónico Capítulo de libro |
| KOHA link: | https://koha.lib.tpu.ru/cgi-bin/koha/opac-detail.pl?biblionumber=608260 |
MARC
| LEADER | 00000naa2a2200000 4500 | ||
|---|---|---|---|
| 001 | 608260 | ||
| 005 | 20260318162134.0 | ||
| 035 | |a (RuTPU)RU\TPU\conf\5690 | ||
| 035 | |a RU\TPU\conf\5688 | ||
| 090 | |a 608260 | ||
| 100 | |a 20140924d2014 k y0rusy50 ca | ||
| 101 | 0 | |a rus | |
| 102 | |a RU | ||
| 135 | |a drgn ---uucaa | ||
| 181 | 0 | |a i | |
| 182 | 0 | |a b | |
| 200 | 1 | |a Оценка возможностей геохимии резервуара для уточнения геологического строения залежей нефти Ванкорского месторождения |f А. А. Щуренко |g науч. рук. И. В. Гончаров | |
| 203 | |a Текст |c электронный | ||
| 225 | 1 | |a Геология нефти и газа. Современные методы поисков и разведки углеводородного сырья | |
| 300 | |a Заглавие с экрана | ||
| 320 | |a [Библиогр.: с. 375-376 (4 назв.)] | ||
| 337 | |a Adobe Reader | ||
| 461 | 1 | |0 (RuTPU)RU\TPU\conf\5590 |t Проблемы геологии и освоения недр |o труды XVIII Международного симпозиума имени академика М. А. Усова студентов и молодых ученых, Томск, 7-11 апреля 2014 г. |o в 2 т. |f Национальный исследовательский Томский политехнический университет (ТПУ), Институт природных ресурсов (ИПР) ; Общество инженеров-нефтяников, международная некоммерческая организация, Студенческий чаптер ; под ред. А. Ю. Дмитриева |d 2014 | |
| 463 | 1 | |0 (RuTPU)RU\TPU\conf\5592 |t Т. 1 |v [С. 374-376] | |
| 610 | 1 | |a труды учёных ТПУ | |
| 610 | 1 | |a электронный ресурс | |
| 610 | 1 | |a возможности | |
| 610 | 1 | |a геохимия | |
| 610 | 1 | |a резервуары | |
| 610 | 1 | |a геологическое строение | |
| 610 | 1 | |a залежи нефти | |
| 610 | 1 | |a Ванкорское месторождение | |
| 700 | 1 | |a Щуренко |b А. А. | |
| 702 | 1 | |a Гончаров |b И. В. |c геолог |c профессор Томского политехнического университета, доктор геолого-минералогических наук |f 1947- |g Иван Васильевич |4 727 | |
| 712 | 0 | 2 | |a Национальный исследовательский Томский политехнический университет (ТПУ) |b Институт природных ресурсов (ИПР) |b Кафедра геологии и разведки полезных ископаемых (ГРПИ) |3 (RuTPU)RU\TPU\col\18660 |
| 801 | 2 | |a RU |b 63413507 |c 20210915 |g RCR | |
| 856 | 4 | |u http://earchive.tpu.ru/handle/11683/65869 | |
| 856 | 4 | |u http://www.lib.tpu.ru/fulltext/c/2014/C11/V1/175.pdf | |
| 942 | |c BK | ||